000 00353nam a2200145Ia 4500
008 191201s2005 xx 000 0 und d
082 _a658.301
_bGAE
100 _aGARG, Vinod Kumar
245 0 _aEnterprise Resource Planning
250 _a2nd
260 _aN.Delhi
_bPrentice Hall
_c2005
300 _a185
650 _aGeneral Books
942 _2ddc
_cBK
999 _c1567
_d1567